Some elementary models of built forms.

Gespeichert in:
Bibliographische Detailangaben
1. Verfasser: March, Lionel, 1934-
Format: Buch
Sprache:English
Veröffentlicht: Cambridge, University of Cambridge Department of Architecture, 1971.
Schriftenreihe:Land use and built form studies. Working paper ; no. 56
Schlagworte:
LEADER 01017nam a2200277 a 4500
001 c000037424
003 CARM
005 20011212125339.0
008 731031s1971 maua b 000 0 eng
015 |a B72-18186 
019 1 |a 401269  |5 LACONCORD2021 
020 |a 0903248352 
035 |a (OCoLC)746564  |5 LACONCORD2021 
040 |a LC  |b eng  |c LC  |d NUN:S 
050 0 0 |a NA2750  |b .M27 
082 0 4 |a 721/.01/84 
100 1 |a March, Lionel,  |d 1934- 
245 1 0 |a Some elementary models of built forms. 
260 |a Cambridge,  |b University of Cambridge Department of Architecture,  |c 1971. 
300 |a [5], 56 p.  |b illus.  |c 30 cm. 
440 0 |a Land use and built form studies.  |p Working paper ;  |v no. 56 
504 |a Bibliography: p. 56. 
650 0 |a Architecture  |x Mathematical models. 
852 8 |b CARM  |h A2:AI09C0  |i D02097  |p 0107952  |f BK 
999 f f |i 541f5e46-717a-5e6c-81ba-77716c467428  |s dcd97680-0a96-568a-90db-8548f7abe74a 
952 f f |p Can circulate  |a CAVAL  |b CAVAL  |c CAVAL  |d CARM 1 Store  |e D02097  |f A2:AI09C0  |h Other scheme  |i book  |m 0107952